Normal view
MARC view
- تحليل نفسي-شخصية-سيجموند فرويد
Entry Topical Term
001 - CONTROL NUMBER
- control field: 8403
003 - CONTROL NUMBER IDENTIFIER
- control field: JO-AjAnu
005 - DATE AND TIME OF LATEST TRANSACTION
- control field: 20230606071645.0
008 - FIXED-LENGTH DATA ELEMENTS
- fixed length control field: 230606|| aca||aabn | a|a d
040 ## - CATALOGING SOURCE
- Original cataloging agency: JO-AjAnu
- Transcribing agency: JO-AjAnu
150 ## - HEADING--TOPICAL TERM
- Topical term or geographic name entry element: تحليل نفسي-شخصية-سيجموند فرويد
670 ## - SOURCE DATA FOUND
- Source citation: Work cat.: (JO-AjAnu)4337: هال،كلفن ، الشنيطي،محمد فتحي/ترجمة, author 8402, أصول علم النفس الفرويدي